| 000 | 01077nac a22003137a 4500 | ||
|---|---|---|---|
| 001 | BR8800958 | ||
| 003 | BR-BrBNA | ||
| 005 | 20240105120717.0 | ||
| 008 | 230509b bl.|||m| |||| 00| 0 por d | ||
| 040 |
_aBR-BrBNA _bpor _cBiblioteca Nacional de Agricultura |
||
| 072 | _aF08 | ||
| 090 | _a1410 BR8800958 | ||
| 100 | 1 | _aSouza Filho, B.F. de | |
| 100 | 1 | _aFernandes, G.M.B. | |
| 100 | 1 | _aYuyra, P.R.R. | |
| 110 | 1 | _aEmpresa de Pesquisa Agropecuaria do Estado do Rio de Janeiro, Campos (Brasil). Estacao Experimental de Campos | |
| 245 | 1 | _aCultivo de feijao em varzeas em sucessao ao arroz | |
| 246 | 1 | _a[Beans cultivation in sequential cropping with rice] | |
| 260 | 3 |
_aCampos, RJ (Brasil): _c1987. |
|
| 300 | _a4 p. | ||
| 490 |
_aComunicado Tecnico - Empresa de Pesquisa Agropecuaria do Estado do Rio de Janeiro (Brazil) _vno. 179 _xISSN 0100-896X |
||
| 650 | _aFEIJAO | ||
| 650 | _aARROZ | ||
| 650 | _aCULTIVO SEQUENCIAL | ||
| 650 | _aROTACAO DE CULTURA | ||
| 650 | _aVARZEA | ||
| 909 |
_a202312 _bLúcia Elande _c55 _dLúcia Elande |
||
| 942 |
_2AGRIS _n0 _cMS |
||
| 999 |
_c281012 _d281012 |
||